[Event "15.Open Primavera"]
[Site "Robecchetto con Induno ITA"]
[Date "2018.04.05"]
[Round "1"]
[White "Mazzarone, Maurizio"]
[Black "Colusso, Ermes"]
[Result "1-0"]
[WhiteElo "1885"]
[BlackElo "1741"]
[PlyCount "103"]
[EventDate "2018.04.05"]

1. d4 Nf6 2. Nf3 d6 3. Bf4 c6 4. c3 g6 5. h3 Bg7 6. e3 Bf5 7. Nbd2 O-O 8. Bc4
d5 9. Be2 Ne4 10. O-O Nd7 11. Nxe4 dxe4 12. Nd2 Nf6 13. Qc2 h5 14. Nc4 Nd5 15.
Bg3 b5 16. Nd2 Qd7 17. Nxe4 Bh6 18. Bd3 Qc8 19. Rfe1 Kg7 20. Nc5 Bxd3 21. Qxd3
f5 22. Be5+ Kh7 23. Rad1 f4 24. exf4 Bxf4 25. Bxf4 Rxf4 26. Re5 Rf6 27. Rde1
Qe8 28. b3 Kg8 29. c4 bxc4 30. bxc4 Nf4 31. Qe3 Qf7 32. Rxe7 Qxc4 33. Re8+ Rxe8
34. Qxe8+ Rf8 35. Qxc6 Qf7 36. Rf1 Ne2+ 37. Kh2 Qf4+ 38. g3 Qf7 39. Qe6 Nxd4
40. Qxf7+ Rxf7 41. Kg2 Nf3 42. Rd1 Ng5 43. Rd5 Nf3 44. Ne6 Ne1+ 45. Kf1 Re7 46.
Nf4 Kg7 47. Rd6 Nf3 48. Rxg6+ Kf7 49. Rh6 h4 50. Rh7+ Ke8 51. Rxe7+ Kxe7 52.
Ng6+ 1-0

[Event "15.Open Primavera"]
[Site "Robecchetto con Induno ITA"]
[Date "2018.04.05"]
[Round "1"]
[White "Santoruvo, Gianfranco"]
[Black "Caldarola, Stefano"]
[Result "1-0"]
[WhiteElo "1735"]
[BlackElo "1829"]
[PlyCount "83"]
[EventDate "2018.04.05"]

1. e4 g6 2. d4 Bg7 3. c4 d6 4. Nc3 e5 5. d5 Ne7 6. Bd3 f5 7. Nf3 Nd7 8. O-O f4
9. Bd2 Nf6 10. b4 a5 11. c5 axb4 12. cxd6 bxc3 13. dxe7 Qxe7 14. Bxc3 Nd7 15.
Bc4 Qc5 16. Qd3 Qd6 17. Ng5 O-O 18. Rab1 Nc5 19. Qe2 h6 20. Nf3 Kh7 21. Ne1
Nxe4 22. Bb4 Nc5 23. Nd3 b6 24. f3 Bf5 25. Rb2 Bxd3 26. Bxd3 e4 27. Bxe4 Bxb2
28. Qxb2 Rfe8 29. Qc2 h5 30. Rc1 Ra7 31. a3 Qe5 32. Bxg6+ Kh6 33. Bxe8 Qe3+ 34.
Kf1 Qxe8 35. Re1 Qb5+ 36. Kg1 Ra8 37. Qf5 Qd3 38. Qxf4+ Kh7 39. Re7+ Kg6 40.
Qf7+ Kg5 41. h4+ Kxh4 42. Qf4# 1-0

[Event "15.Open Primavera"]
[Site "Robecchetto con Induno ITA"]
[Date "2018.04.05"]
[Round "1"]
[White "Barrera, Pietro"]
[Black "Brioschi, Camillo"]
[Result "1-0"]
[WhiteElo "1810"]
[BlackElo "1729"]
[PlyCount "103"]
[EventDate "2018.04.05"]

1. d4 d5 2. Nf3 Nf6 3. Bg5 e6 4. e3 Nbd7 5. Bd3 Be7 6. Nbd2 O-O 7. O-O c5 8. c3
c4 9. Bc2 b5 10. e4 dxe4 11. Nxe4 Bb7 12. Ng3 Nd5 13. Bxe7 Qxe7 14. Re1 Qd8 15.
Ne5 N7f6 16. Qd2 h6 17. f4 Ne7 18. Rf1 Re8 19. Rae1 Qc7 20. Qe2 Rad8 21. Nh5
Ned5 22. Nxf6+ Nxf6 23. g4 Qd6 24. Kf2 Qd5 25. Kg3 Ba8 26. Rf2 Nd7 27. Be4 Qxe4
28. Qxe4 Bxe4 29. Rxe4 Nf6 30. Ree2 Nd5 31. h4 Rc8 32. f5 f6 33. Ng6 exf5 34.
gxf5 b4 35. Nf4 Nxf4 36. Kxf4 bxc3 37. bxc3 Rxe2 38. Rxe2 Kf7 39. h5 Rb8 40.
Re6 Rb2 41. Rc6 Rxa2 42. Rc7+ Ke8 43. Rxc4 Kd7 44. Rb4 Kc6 45. c4 a5 46. Rb8
Kc7 47. Rg8 Rg2 48. Ke4 Kb7 49. d5 a4 50. d6 Kc6 51. c5 Kxc5 52. d7 1-0

[Event "15.Open Primavera"]
[Site "Robecchetto con Induno ITA"]
[Date "2018.04.05"]
[Round "1"]
[White "Pappalardo, Antonio"]
[Black "Mereghetti, Marco"]
[Result "0-1"]
[WhiteElo "1709"]
[BlackElo "1794"]
[PlyCount "90"]
[EventDate "2018.04.05"]

1. d4 Nf6 2. c4 g6 3. Nc3 d5 4. cxd5 Nxd5 5. e4 Nxc3 6. bxc3 Bg7 7. Bc4 c5 8.
Be3 Nc6 9. Ne2 O-O 10. O-O Qc7 11. Rc1 Rd8 12. Bf4 e5 13. Bg5 Rf8 14. d5 Na5
15. Bd3 c4 16. Bb1 f5 17. d6 Qc6 18. Be7 Rf7 19. Ng3 f4 20. Ne2 Bf6 21. Qd2 Be6
22. Bxf6 Rxf6 23. Rfd1 Rd8 24. Rc2 Qxe4 25. Rb2 Qc6 26. f3 Bf7 27. Qc1 Rfxd6
28. Rxd6 Qxd6 29. Be4 Bd5 30. Rd2 Qb6+ 31. Kf1 Bxe4 32. fxe4 Rxd2 33. Qxd2 Qb1+
34. Nc1 Nc6 35. Qd5+ Kg7 36. Qd7+ Kh6 37. Qd2 Qxe4 38. Ne2 Qd3 39. Qc1 g5 40.
Ke1 Ne7 41. h4 Nd5 42. hxg5+ Kxg5 43. g3 Kg4 44. gxf4 exf4 45. Qa3 f3 0-1

[Event "15.Open Primavera"]
[Site "Robecchetto con Induno ITA"]
[Date "2018.04.05"]
[Round "1"]
[White "Pizzolato, Roberto"]
[Black "Cecchini, Massimo S"]
[Result "0-1"]
[WhiteElo "1754"]
[BlackElo "1689"]
[PlyCount "120"]
[EventDate "2018.04.05"]

1. e4 c5 2. c3 d6 3. d4 Nf6 4. Bd3 cxd4 5. cxd4 g6 6. Nc3 Bg7 7. Nge2 O-O 8.
O-O Nc6 9. f4 Qb6 10. Bc2 a6 11. Kh1 Rd8 12. d5 Nb4 13. Na4 Qa7 14. h3 Nxc2 15.
Qxc2 b5 16. Nac3 Bd7 17. Qd3 Rac8 18. Be3 Qb7 19. e5 Bf5 20. Qd1 dxe5 21. a3
Nxd5 22. Nxd5 Rxd5 23. Qe1 Be4 24. Qf2 exf4 25. Bxf4 Rf5 26. Ng3 Rc2 27. Rad1
Rxf2 28. Rd8+ Bf8 29. Bh6 Rxf1+ 30. Kh2 Rh1+ 31. Kxh1 Qa8 32. Rxa8 Bxa8 33.
Nxf5 gxf5 34. Bf4 Bg7 35. Bc1 Bd4 36. Kh2 Kg7 37. g3 e5 38. b3 Kf6 39. g4 f4
40. h4 Bf3 41. g5+ Kg6 42. a4 f6 43. axb5 axb5 44. b4 fxg5 45. h5+ Kxh5 46. Kh3
e4 47. Bd2 Bg1 48. Bxf4 g4+ 49. Kg3 e3 50. Be5 Bf2+ 51. Kh2 Be1 52. Kg1 e2 53.
Kh2 Kg5 54. Kg1 Kf5 55. Bg3 Bxb4 56. Kh2 h5 57. Kg1 e1=Q+ 58. Bxe1 Bxe1 59. Kh2
Bd1 60. Kg1 b4 0-1

[Event "15.Open Primavera"]
[Site "Robecchetto con Induno ITA"]
[Date "2018.04.05"]
[Round "1"]
[White "Wintour, Thomas"]
[Black "Colombo, Sandro"]
[Result "1-0"]
[WhiteElo "1668"]
[BlackElo "1748"]
[PlyCount "49"]
[EventDate "2018.04.05"]

1. e4 c5 2. Nf3 Nc6 3. d4 cxd4 4. Nxd4 e5 5. Nb5 d6 6. N1c3 a6 7. Na3 b5 8. Nd5
Nf6 9. Bg5 Be7 10. Bxf6 Bxf6 11. c3 O-O 12. Be2 Bg5 13. O-O f5 14. f4 exf4 15.
Nxf4 Ne7 16. Nd5 Bb7 17. Nxe7+ Qxe7 18. exf5 Be3+ 19. Kh1 Qg5 20. Bf3 Bxf3 21.
Qxf3 Rae8 22. Nc2 Ba7 23. Rae1 Qd2 24. Rxe8 Rxe8 25. f6 1-0

[Event "15.Open Primavera"]
[Site "Robecchetto con Induno ITA"]
[Date "2018.04.05"]
[Round "1"]
[White "Macchiettini, Pierangelo"]
[Black "Santangelo, Riccardo"]
[Result "1/2-1/2"]
[WhiteElo "1654"]
[BlackElo "1632"]
[PlyCount "120"]
[EventDate "2018.04.05"]

1. d4 e6 2. c4 d5 3. e3 Nf6 4. Nf3 Be7 5. Nc3 O-O 6. Be2 dxc4 7. Bxc4 b6 8. O-O
Bb7 9. Be2 a6 10. Bd2 Bd6 11. Rc1 Nbd7 12. Qc2 h6 13. Rfd1 Rc8 14. e4 Nh7 15.
e5 Be7 16. Be3 Ng5 17. Nxg5 Bxg5 18. f4 Be7 19. a3 f5 20. Bc4 Kh8 21. Bxe6 g5
22. d5 gxf4 23. Bxf4 Bc5+ 24. Kh1 Qh4 25. Qd2 Qe7 26. Bxh6 Nxe5 27. Bxf8 Rxf8
28. Qh6+ Qh7 29. Qxh7+ Kxh7 30. Rf1 Kg6 31. Rc2 Ng4 32. Nd1 a5 33. h3 Ba6 34.
Rf3 Ne5 35. Rg3+ Kf6 36. b4 axb4 37. axb4 Bd3 38. Rxd3 Nxd3 39. bxc5 Nxc5 40.
Bxf5 Ra8 41. Bg4 Ra3 42. Rf2+ Kg6 43. Rf8 Rd3 44. Bf3 Kg7 45. Rc8 Na6 46. Ra8
Nb4 47. Rc8 Nxd5 48. Bxd5 Rxd1+ 49. Kh2 Rxd5 50. Rxc7+ Kg8 51. Rb7 Rb5 52. h4
Rb1 53. Kh3 b5 54. g3 b4 55. h5 b3 56. Kg4 b2 57. Kg5 Rg1 58. Rxb2 Rxg3+ 59.
Kh4 Rg1 60. Rb7 Kh8 1/2-1/2

[Event "15.Open Primavera"]
[Site "Robecchetto con Induno ITA"]
[Date "2018.04.05"]
[Round "1"]
[White "Gaspari, Giulio"]
[Black "Frignani, Alessandro"]
[Result "1/2-1/2"]
[WhiteElo "1627"]
[BlackElo "1454"]
[PlyCount "102"]
[EventDate "2018.04.05"]

1. d4 d5 2. c4 Nf6 3. Nc3 e6 4. Bg5 Bb4 5. Qc2 Nc6 6. e3 O-O 7. a3 Bxc3+ 8.
Qxc3 h6 9. Bxf6 Qxf6 10. Nf3 Rd8 11. b4 Bd7 12. b5 Ne7 13. c5 c6 14. a4 b6 15.
Ne5 bxc5 16. Qxc5 cxb5 17. Bxb5 Bxb5 18. axb5 Rdc8 19. Qb4 Ng6 20. Nd7 Qe7 21.
Qxe7 Nxe7 22. O-O Rd8 23. Nc5 Nc8 24. Rfb1 Nb6 25. Na6 Rdc8 26. Rc1 Nc4 27. h3
Kf8 28. Ra2 Ke7 29. Nb4 Kd7 30. Nc6 Rc7 31. Rca1 Kc8 32. Rxa7 Rcxa7 33. Rxa7
Rxa7 34. Nxa7+ Kb7 35. Nc6 Nd6 36. g4 Kb6 37. Ne5 Kxb5 38. Kg2 Kb4 39. Nd3+ Kc3
40. Nc5 Kd2 41. Kf3 g5 42. Nb3+ Ke1 43. Nc5 Ne4 44. Nxe4 dxe4+ 45. Kg2 Ke2 46.
Kg1 Kf3 47. Kf1 f6 48. Kg1 Ke2 49. Kg2 Kd3 50. Kf1 Kc4 51. Ke2 Kd5 1/2-1/2

[Event "15.Open Primavera"]
[Site "Robecchetto con Induno ITA"]
[Date "2018.04.05"]
[Round "1"]
[White "Corsano, Massimo"]
[Black "Rancati, David"]
[Result "0-1"]
[WhiteElo "1440"]
[BlackElo "1620"]
[PlyCount "60"]
[EventDate "2018.04.05"]

1. e4 c5 2. Nf3 d6 3. Bc4 e6 4. Nc3 a6 5. O-O Nc6 6. a3 Be7 7. d3 Nf6 8. Be3
O-O 9. Re1 Ng4 10. d4 Nxe3 11. Rxe3 b5 12. Bb3 cxd4 13. Nxd4 Bb7 14. Nxc6 Bxc6
15. f3 Qb6 16. Qe1 Bg5 17. Kf2 Rad8 18. Rd1 Rd7 19. Rdd3 Rfd8 20. Ne2 Bxe3+ 21.
Rxe3 d5 22. c3 dxe4 23. fxe4 Rd2 24. Kf3 R8d3 25. Nd4 Rxe3+ 26. Qxe3 Rxb2 27.
Qf4 Be8 28. a4 Qc5 29. axb5 axb5 30. Nxb5 Rf2+ 0-1

[Event "15.Open Primavera"]
[Site "Robecchetto con Induno ITA"]
[Date "2018.04.05"]
[Round "1"]
[White "Bignami, Matteo"]
[Black "Ruggiero, Paolino"]
[Result "1-0"]
[WhiteElo "1616"]
[BlackElo "1426"]
[PlyCount "73"]
[EventDate "2018.04.05"]

1. e4 e5 2. d4 exd4 3. c3 dxc3 4. Nxc3 Bb4 5. Qd4 Bxc3+ 6. Qxc3 Nf6 7. Bg5 d6
8. Nf3 O-O 9. O-O-O Nc6 10. e5 Ne4 11. Qe3 Nxg5 12. Nxg5 Re8 13. f4 h6 14. Nf3
Nb4 15. Qb3 a5 16. exd6 Be6 17. Bc4 cxd6 18. Bxe6 Rxe6 19. Rd2 Qf6 20. g3 Rc8+
21. Kb1 Qf5+ 22. Ka1 Qb5 23. Nd4 Nc2+ 24. Rxc2 Qe8 25. Rxc8 Qxc8 26. Nxe6 fxe6
27. f5 d5 28. fxe6 Qxe6 29. Qxb7 Qe4 30. Qc8+ Kh7 31. Rc1 d4 32. g4 Kg6 33. h4
Qf4 34. Rc6+ Kh7 35. Qf5+ Qxf5 36. gxf5 h5 37. Kb1 1-0

[Event "15.Open Primavera"]
[Site "Robecchetto con Induno ITA"]
[Date "2018.04.05"]
[Round "1"]
[White "Caccianiga, Andrea"]
[Black "Colombo, Ernesto"]
[Result "1-0"]
[WhiteElo "1421"]
[BlackElo "1608"]
[PlyCount "27"]
[EventDate "2018.04.05"]

1. e4 e5 2. Nf3 Nf6 3. Nc3 Nc6 4. Bc4 Bc5 5. d3 h6 6. O-O O-O 7. Be3 Qe7 8. Nh4
Bxe3 9. fxe3 Qc5 10. Qf3 d6 11. Nd5 Nh7 12. Ng6 Be6 13. b4 Nxb4 14. Nde7# 1-0

[Event "15.Open Primavera"]
[Site "Robecchetto con Induno ITA"]
[Date "2018.04.05"]
[Round "1"]
[White "Posapiano, Giacomo"]
[Black "Marchesotti, Giovanni"]
[Result "1-0"]
[WhiteElo "1603"]
[BlackElo "1406"]
[PlyCount "67"]
[EventDate "2018.04.05"]

1. Nf3 c5 2. c4 e6 3. e4 Nc6 4. d4 cxd4 5. Nxd4 Nf6 6. Nxc6 dxc6 7. Qxd8+ Kxd8
8. Bg5 h6 9. Bxf6+ gxf6 10. Nc3 Bb4 11. O-O-O+ Ke7 12. Kc2 Bxc3 13. Kxc3 e5 14.
c5 Be6 15. Bc4 Rad8 16. b4 f5 17. exf5 Bxf5 18. f3 Rxd1 19. Rxd1 Rd8 20. Rxd8
Kxd8 21. Bxf7 Ke7 22. Bc4 Be6 23. a4 Bxc4 24. Kxc4 Ke6 25. g4 a6 26. a5 Kf6 27.
h4 Ke6 28. h5 Kf6 29. Kd3 Kg5 30. Ke4 Kf6 31. f4 exf4 32. Kxf4 Kg7 33. Ke5 Kf7
34. Kd6 1-0

[Event "15.Open Primavera"]
[Site "Robecchetto con Induno ITA"]
[Date "2018.04.05"]
[Round "1"]
[White "Nava, Mario"]
[Black "Giavoni, Andrea"]
[Result "0-1"]
[WhiteElo "1390"]
[BlackElo "1579"]
[PlyCount "96"]
[EventDate "2018.04.05"]

1. Nf3 Nf6 2. c4 e6 3. Nc3 Bb4 4. a3 Bxc3 5. dxc3 Nc6 6. Bg5 d6 7. e4 e5 8. h3
h6 9. Bxf6 Qxf6 10. Be2 Qg6 11. Rg1 Qxe4 12. Qd2 Na5 13. Qd3 Qxd3 14. Bxd3 Nb3
15. Rd1 Nc5 16. Bc2 Be6 17. b4 Nd7 18. c5 dxc5 19. bxc5 Nxc5 20. Nxe5 O-O 21.
Rd2 f6 22. Ng6 Rfe8 23. Kd1 Bb3 24. Kc1 Bxc2 25. Kxc2 Kh7 26. Nf4 c6 27. f3 Re7
28. Rgd1 Rae8 29. h4 a5 30. Rb1 a4 31. h5 Nb3 32. Rf2 Re1 33. Nd3 R8e2+ 34.
Rxe2 Rxe2+ 35. Kd1 Rd2+ 36. Ke1 Rxd3 37. Rb2 Rxc3 38. Kf2 b5 39. Re2 Nc1 40.
Rd2 Nd3+ 41. Kg3 Rxa3 42. Re2 Ne5 43. Rc2 b4 44. Rc5 b3 45. Rc3 Ra2 46. f4 Nf7
47. Rxc6 b2 48. Rc2 a3 0-1

[Event "15.Open Primavera"]
[Site "Robecchetto con Induno ITA"]
[Date "2018.04.05"]
[Round "1"]
[White "Puricelli, Roberto"]
[Black "Crotti, Massimo"]
[Result "1/2-1/2"]
[WhiteElo "1533"]
[BlackElo "1382"]
[PlyCount "83"]
[EventDate "2018.04.05"]

1. e4 c6 2. d4 d5 3. Nc3 dxe4 4. Nxe4 Bf5 5. Qf3 Bxe4 6. Qxe4 Nf6 7. Qe3 e6 8.
Nf3 Nbd7 9. Bc4 Nb6 10. Bb3 Nbd5 11. Qd2 h6 12. O-O Be7 13. a3 O-O 14. c4 Ne4
15. Qe2 Ndf6 16. Bc2 Nd6 17. b3 Nf5 18. Bb2 Re8 19. Rfe1 Nd7 20. Rad1 Bf6 21.
Qd3 Nc5 22. Qe2 Nd7 23. Ne5 Bxe5 24. dxe5 Qe7 25. Qg4 Rad8 26. Bxf5 exf5 27.
Qxf5 Qe6 28. Qxe6 Rxe6 29. f4 Ree8 30. Rd3 Nc5 31. Rg3 Nd3 32. Rb1 Nxf4 33. Re3
Ne6 34. b4 Rd2 35. Bc3 Rdd8 36. c5 Rd5 37. g3 Red8 38. Rbe1 a6 39. Kg2 R8d7 40.
R1e2 h5 41. h3 g6 42. h4 1/2-1/2

[Event "15.Open Primavera"]
[Site "Robecchetto con Induno ITA"]
[Date "2018.04.05"]
[Round "1"]
[White "Rampazzo, Franco"]
[Black "Ruggeri, Igor"]
[Result "0-1"]
[WhiteElo "1351"]
[BlackElo "1509"]
[PlyCount "106"]
[EventDate "2018.04.05"]

1. e4 c5 2. Nf3 d6 3. d4 cxd4 4. Nxd4 Nf6 5. Nc3 e6 6. Bc4 Be7 7. O-O O-O 8. a3
Qc7 9. Bb3 a6 10. Nf3 Nc6 11. Re1 b5 12. Bg5 Bb7 13. h3 Rac8 14. Qd3 Na5 15.
Ba2 Rfd8 16. Re2 Nc4 17. Bxc4 Qxc4 18. e5 dxe5 19. Qxc4 Rxc4 20. Nxe5 Rcd4 21.
Rae1 h6 22. Be3 Rh4 23. f3 Rh5 24. Bb6 Rc8 25. Kh2 Nd5 26. Nxd5 exd5 27. g4
Rxe5 28. Rxe5 Bd6 29. Bd4 f6 30. Kg3 fxe5 31. Bxe5 Bxe5+ 32. Rxe5 Rxc2 33. Re7
Bc6 34. Rc7 d4 35. Kf4 d3 36. Kf5 Bxf3 37. Rd7 Rc5+ 38. Kf4 Rd5 39. Rxd5 Bxd5
40. Ke3 Bc4 41. b3 d2 42. Kxd2 Bxb3 43. Kc3 Bc4 44. Kb4 Bf1 45. h4 g5 46. hxg5
hxg5 47. Ka5 Kf7 48. Kxa6 Kf6 49. Ka5 Ke5 50. Kb4 Kf4 51. Kc3 Kxg4 52. Kd2 Kf3
53. Ke1 Bc4 0-1

[Event "15.Open Primavera"]
[Site "Robecchetto con Induno ITA"]
[Date "2018.04.05"]
[Round "1"]
[White "Giusti, Francesco"]
[Black "Ghiggini, Stefano"]
[Result "1-0"]
[WhiteElo "1478"]
[BlackElo "1334"]
[PlyCount "61"]
[EventDate "2018.04.05"]

1. e4 c5 2. Nf3 d6 3. h3 Nf6 4. d3 h6 5. Be3 b6 6. Nc3 e6 7. Qd2 Be7 8. g4 Nh7
9. h4 f6 10. g5 fxg5 11. hxg5 Kd7 12. gxh6 gxh6 13. Rxh6 Nf6 14. Rxh8 Qxh8 15.
O-O-O Nc6 16. d4 cxd4 17. Nxd4 Nxd4 18. Qxd4 e5 19. Bb5+ Kc7 20. Qc4+ Kd8 21.
Qc6 Rb8 22. Bg5 Bb7 23. Qc4 Qg8 24. Bxf6 Qxc4 25. Bxe7+ Kxe7 26. Bxc4 Rc8 27.
Bd5 Bxd5 28. Nxd5+ Ke6 29. Kd2 Rc4 30. f3 Rd4+ 31. Ke2 1-0

[Event "15.Open Primavera"]
[Site "Robecchetto con Induno ITA"]
[Date "2018.04.05"]
[Round "1"]
[White "Madaschi, Sergio"]
[Black "Zanin, Armando"]
[Result "1/2-1/2"]
[WhiteElo "1334"]
[BlackElo "1466"]
[PlyCount "79"]
[EventDate "2018.04.05"]

1. e4 c5 2. Nf3 Nc6 3. d4 cxd4 4. Nxd4 a6 5. Nc3 d6 6. Be3 g6 7. g3 Bg7 8. Bg2
Bd7 9. O-O Qc8 10. Re1 Bh3 11. Bh1 Nf6 12. f3 Bd7 13. Qd2 O-O 14. a3 Nxd4 15.
Bxd4 Bc6 16. Rad1 Qc7 17. Qf2 b5 18. e5 dxe5 19. Bxe5 Qb7 20. Bg2 Rfd8 21. Bf4
Nd5 22. Nxd5 Rxd5 23. Rxd5 Bxd5 24. c3 Rd8 25. Rd1 e6 26. Be3 Rb8 27. f4 Bxg2
28. Qxg2 Qe7 29. Qf2 Rd8 30. Qe2 Rxd1+ 31. Qxd1 Qc7 32. Qd3 Bf6 33. Qd2 Qc6 34.
Qg2 Qd6 35. Qd2 Be7 36. Qxd6 Bxd6 37. Bd4 Kf8 38. Kf2 Ke7 39. Kf3 f6 40. h4
1/2-1/2

[Event "15.Open Primavera"]
[Site "Robecchetto con Induno ITA"]
[Date "2018.04.12"]
[Round "2"]
[White "Santoruvo, Gianfranco"]
[Black "Mazzarone, Maurizio"]
[Result "1-0"]
[WhiteElo "1735"]
[BlackElo "1885"]
[PlyCount "33"]
[EventDate "2018.04.05"]

1. e4 e6 2. d4 d5 3. Nc3 Bb4 4. Bd3 Ne7 5. Nf3 c5 6. a3 cxd4 7. Nxd4 Bxc3+ 8.
bxc3 a6 9. O-O Nbc6 10. Re1 O-O 11. e5 Qc7 12. Qh5 Ng6 13. Nxc6 Qxc6 14. Bd2
Qa4 15. Re3 h6 16. Rg3 Ne7 17. Rxg7+ 1-0

[Event "15.Open Primavera"]
[Site "Robecchetto con Induno ITA"]
[Date "2018.04.12"]
[Round "2"]
[White "Cecchini, Massimo S"]
[Black "Barrera, Pietro"]
[Result "1/2-1/2"]
[WhiteElo "1689"]
[BlackElo "1810"]
[PlyCount "81"]
[EventDate "2018.04.05"]

1. Nf3 c5 2. c4 Nf6 3. Nc3 g6 4. b3 Bg7 5. Bb2 O-O 6. g3 Nc6 7. Bg2 d6 8. O-O
Bd7 9. d3 Rb8 10. Re1 a6 11. e3 b5 12. Qd2 b4 13. Ne2 e5 14. Nh4 Qc8 15. d4 e4
16. Bh1 g5 17. Ng2 Bg4 18. Kf1 Bf3 19. Ng1 Ng4 20. Nxf3 exf3 21. Kg1 fxg2 22.
Bxg2 Nf6 23. e4 cxd4 24. Qxg5 Qg4 25. Qd2 Nd7 26. Rad1 Nc5 27. e5 Nxe5 28. Bxd4
Ne6 29. Ba7 Ng5 30. Rxe5 dxe5 31. Bxb8 Rxb8 32. Qd6 Rf8 33. Re1 Nf3+ 34. Bxf3
Qxf3 35. Qxb4 e4 36. c5 Bc3 37. Qxe4 Qf6 38. Rd1 a5 39. Rd6 Qg7 40. Qc4 Bb4 41.
Rd4 1/2-1/2

[Event "15.Open Primavera"]
[Site "Robecchetto con Induno ITA"]
[Date "2018.04.12"]
[Round "2"]
[White "Mereghetti, Marco"]
[Black "Wintour, Thomas"]
[Result "1-0"]
[WhiteElo "1794"]
[BlackElo "1668"]
[PlyCount "77"]
[EventDate "2018.04.05"]

1. e4 e6 2. d4 d5 3. Nc3 dxe4 4. Nxe4 Nd7 5. Nf3 Ngf6 6. Ng3 c5 7. Bd3 cxd4 8.
Nxd4 Bc5 9. Nb3 O-O 10. O-O b6 11. Qf3 Qc7 12. Nxc5 Nxc5 13. Bg5 Bb7 14. Qe2
Qc6 15. f3 Nxd3 16. Qxd3 Rad8 17. Qe2 Rd5 18. Bxf6 gxf6 19. Ne4 Kg7 20. Qf2 Qc7
21. Qh4 Rf5 22. Ng3 Qc5+ 23. Kh1 Rg5 24. Ne4 Bxe4 25. Qxe4 Kh8 26. Rad1 Rfg8
27. Rd2 Rh5 28. Rfd1 Qg5 29. f4 Qh4 30. h3 Re5 31. Qf3 Re1+ 32. Kh2 Rxd1 33.
Rxd1 f5 34. Rd7 Qf6 35. c3 e5 36. Qd5 e4 37. Rxf7 Qg6 38. Qe5+ Rg7 39. Rf8# 1-0

[Event "15.Open Primavera"]
[Site "Robecchetto con Induno ITA"]
[Date "2018.04.12"]
[Round "2"]
[White "Moroni, Luca"]
[Black "Cunati, Valerio"]
[Result "1-0"]
[WhiteElo "1760"]
[BlackElo "1665"]
[PlyCount "77"]
[EventDate "2018.04.05"]

1. d4 Nf6 2. Bf4 d5 3. e3 Nc6 4. Nd2 Bf5 5. c3 e6 6. Be2 Bd6 7. Bxd6 Qxd6 8.
Ngf3 h6 9. Rc1 O-O 10. O-O Rfe8 11. c4 Rab8 12. cxd5 exd5 13. a3 a6 14. b4 Re6
15. Nb3 Ne4 16. Nc5 Re7 17. Nxe4 Bxe4 18. Nd2 Bf5 19. Nb3 Re4 20. Nc5 Rh4 21.
g3 Qg6 22. Kh1 Rh3 23. Rg1 Bc8 24. Nd3 Be6 25. Nf4 Qf6 26. Nxh3 Bxh3 27. Bf1
Bf5 28. Bg2 Qe6 29. Re1 Re8 30. Rc5 Be4 31. Bxe4 Qxe4+ 32. f3 Qe6 33. Kg2 b6
34. Rc3 Qf6 35. Rd3 Ne7 36. e4 c6 37. exd5 cxd5 38. Rde3 Kf8 39. Re5 1-0

[Event "15.Open Primavera"]
[Site "Robecchetto con Induno ITA"]
[Date "2018.04.12"]
[Round "2"]
[White "Rutigliano, Cesare"]
[Black "Macchiettini, Pierangelo"]
[Result "1-0"]
[WhiteElo "1672"]
[BlackElo "1654"]
[PlyCount "87"]
[EventDate "2018.04.05"]

1. Nf3 Nf6 2. c4 c5 3. d4 cxd4 4. Nxd4 d6 5. g3 e6 6. Bg2 Be7 7. O-O Nbd7 8.
Nb5 Nb6 9. N1c3 O-O 10. b3 a6 11. Nd4 Qc7 12. Bb2 Nbd7 13. e3 Rb8 14. Rc1 b6
15. e4 Bb7 16. Re1 Ne5 17. f4 Ned7 18. Kh1 Rfd8 19. Nf3 Ng4 20. Qe2 Ngf6 21.
Nd2 e5 22. Nd5 Bxd5 23. cxd5 Qa7 24. f5 b5 25. Rc6 Rdc8 26. Rec1 Rxc6 27. Rxc6
Ne8 28. b4 f6 29. Nb3 Bd8 30. Bc1 Qb7 31. Qc2 Qa8 32. Bf3 Nf8 33. Bh5 g6 34.
fxg6 hxg6 35. Bg4 Kg7 36. Qd2 Kf7 37. Qh6 Qa7 38. Be3 Bb6 39. Bxb6 Rxb6 40. Rc2
Rb7 41. Na5 Qd4 42. Re2 Rc7 43. Nc6 Ng7 44. Nxd4 1-0

[Event "15.Open Primavera"]
[Site "Robecchetto con Induno ITA"]
[Date "2018.04.12"]
[Round "2"]
[White "Caldarola, Stefano"]
[Black "Colusso, Ermes"]
[Result "0-1"]
[WhiteElo "1829"]
[BlackElo "1741"]
[PlyCount "72"]
[EventDate "2018.04.05"]

1. d4 Nf6 2. c4 c5 3. d5 e6 4. Nc3 exd5 5. cxd5 d6 6. g3 g6 7. Bg2 Bg7 8. h3
O-O 9. Nf3 Re8 10. O-O Ne4 11. Nxe4 Rxe4 12. Nd2 Re8 13. a4 b6 14. Re1 Bb7 15.
Nc4 Qc7 16. e4 Ba6 17. Ne3 Nd7 18. f4 Rad8 19. Qc2 Bd4 20. Bf1 Bxf1 21. Kxf1
Nf6 22. Nc4 Qd7 23. Qg2 Qe7 24. Bd2 Nxe4 25. Bc3 f5 26. Bxd4 cxd4 27. Rad1 Qf6
28. Kg1 Re7 29. Kh2 Rde8 30. Qg1 Nc5 31. Rxe7 Rxe7 32. Qxd4 Re2+ 33. Kg1 Qe7
34. Rd2 Re4 35. Qc3 Re1+ 36. Kf2 Ne4+ 0-1

[Event "15.Open Primavera"]
[Site "Robecchetto con Induno ITA"]
[Date "2018.04.12"]
[Round "2"]
[White "Brioschi, Camillo"]
[Black "Pizzolato, Roberto"]
[Result "1-0"]
[WhiteElo "1729"]
[BlackElo "1754"]
[PlyCount "59"]
[EventDate "2018.04.05"]

1. d4 Nf6 2. c4 g6 3. Nc3 Bg7 4. e4 d6 5. Be2 O-O 6. f4 c5 7. Nf3 Bg4 8. Be3
Qa5 9. O-O Bxf3 10. Bxf3 cxd4 11. Bxd4 Nc6 12. Be3 Rac8 13. Qd2 Rfd8 14. g4 e5
15. g5 exf4 16. Bxf4 Ne8 17. Bg4 Rb8 18. Be3 Ne5 19. Be2 Nc7 20. Rad1 Rbc8 21.
Nd5 Qxd2 22. Rxd2 Nxd5 23. cxd5 Nc4 24. Bxc4 Rxc4 25. Rdf2 Rxe4 26. Bxa7 Ra8
27. Bb6 Ra6 28. Be3 Rxe3 29. Rxf7 Bf8 30. Rxf8+ 1-0

[Event "15.Open Primavera"]
[Site "Robecchetto con Induno ITA"]
[Date "2018.04.12"]
[Round "2"]
[White "Colombo, Sandro"]
[Black "Pappalardo, Antonio"]
[Result "0-1"]
[WhiteElo "1748"]
[BlackElo "1709"]
[PlyCount "55"]
[EventDate "2018.04.05"]

1. c4 c6 2. Nf3 d5 3. e3 e6 4. d4 Nf6 5. Nc3 Nbd7 6. Bd3 dxc4 7. Bxc4 b5 8. Bd3
Bd6 9. Qc2 Bb7 10. Ne4 Bc7 11. Bd2 a5 12. Rc1 Rc8 13. O-O Qe7 14. Ne5 Nxe5 15.
dxe5 Bxe5 16. h3 Nxe4 17. Bxe4 f5 18. Bf3 b4 19. Qa4 Qc7 20. Rc2 O-O 21. Rfc1
Qd8 22. Bxc6 Bxc6 23. Rxc6 Rxc6 24. Qxc6 Qxd2 25. Qxe6+ Kh8 26. Qc8 Rd8 27. g3
Bf6 28. Rc5 0-1

[Event "15.Open Primavera"]
[Site "Robecchetto con Induno ITA"]
[Date "2018.04.12"]
[Round "2"]
[White "Rancati, David"]
[Black "Giusti, Francesco"]
[Result "1/2-1/2"]
[WhiteElo "1620"]
[BlackElo "1478"]
[PlyCount "123"]
[EventDate "2018.04.05"]

1. e4 c5 2. Nf3 Nc6 3. d4 cxd4 4. Nxd4 Nf6 5. Nc3 e6 6. Bg5 Be7 7. Qd2 Qb6 8.
Be3 Nxd4 9. Bxd4 Qa5 10. Bd3 e5 11. Be3 a6 12. a3 h6 13. O-O Ng4 14. b4 Qd8 15.
Nd5 Nxe3 16. Qxe3 O-O 17. Rad1 b5 18. f4 exf4 19. Qxf4 Bg5 20. Qd6 Bb7 21. c4
Bxd5 22. cxd5 Re8 23. Rf3 Bf6 24. Qg3 Be5 25. Qf2 f6 26. Rh3 Qc7 27. Qf5 Bd4+
28. Kh1 Re5 29. Qf1 Rc8 30. Rg3 Rh5 31. Qf3 Rh4 32. h3 Qe5 33. Rg4 Rxg4 34.
Qxg4 Rc7 35. Rf1 h5 36. Qg6 d6 37. Rf5 Rc1+ 38. Rf1 Rxf1+ 39. Bxf1 Bb2 40. Be2
Bxa3 41. Bxh5 Qe7 42. Bg4 Kf8 43. Be6 Bc1 44. Qh7 Ke8 45. Qg8+ Qf8 46. Bd7+ Ke7
47. Qe6+ Kd8 48. Bc8 Qe7 49. Qxe7+ Kxe7 50. Bxa6 Bd2 51. Bxb5 Bxb4 52. Kh2 g6
53. Kg3 Be1+ 54. Kg4 g5 55. g3 Kf7 56. h4 gxh4 57. Kxh4 Kg6 58. Bd7 Bd2 59.
Bf5+ Kh6 60. Kg4 Bg5 61. Kf3 Kg7 62. Ke2 1/2-1/2